Nachbarländer - Statistiken

Allgemein
  • Dieses Quiz wurde 91 mal gespielt
    62 seit der letzten Aktualisierung
  • Das Durchschnittsergebnis liegt bei 4 aus 15
Answers on the Grid
Answers color-coded by a green-red scale on the quiz's grid according to % correct below.
Deutschland
Liechtenstein
Montenegro
Nordmazedonien
Burkina Faso
Benin
Costa Rica
Bulgarien
Liberia
Mali
Nicaragua
Guatemala
Paraguay
Bolivien
Sambia
Namibia
Libanon
Saudi-Arabien
Tadschikistan
Kasachstan
Nepal
Bangladesch
Turkmenistan
Armenien
Indonesien
Brunei
Nordkorea
Russland
Papua- Neuguinea
Ecuador
Venezuela
Norwegen
 
Antwortstatistiken
Antwort % Korrekt
Bulgarien
47%
Nordmazedonien
47%
Nicaragua
35%
Burkina Faso
29%
Indonesien
29%
Paraguay
29%
Russland
29%
Bolivien
24%
Costa Rica
24%
Norwegen
24%
Papua- Neuguinea
24%
Benin
18%
Namibia
18%
Nordkorea
18%
Sambia
18%
Keine übereinstimmenden Quizze gefunden
Verteilung der Resultate
Anzahl Personen mit jedem Resultat
Perzentil nach korrekt beantworteten Fragen
Ihre Resultats-Entwicklung
Sie haben dieses Quiz seit der letzten Aktualisierung nicht gespielt